00615nam a22002417a 4500003000500000005001700005008004100022010001000063011001000073035001000083040000900093082001400102100001800116245002500134260003900159300002000198490002800218650003700246650002300283700002000306700001900326830002800345CHAP20220329141230.0971010s1973 r 00010 d a64805 a65777 a73123 cCHAP a631.7bY300aYaron, Bruno. aArid zone irrigation aNew York :bSpringer Verlag,c1973 a434 p.b: ilus. aEcological studiesv; 514aIrrigaciónxRegiones áridas.14aRegiones áridas.0 aDanfors, Erick.0 aVaadia, Yoash.0 aEcological studiesv; 5